Über den einfluss des Ernteausfalls auf die Getreidepreise Während der Jahre 1846-1875 in den hauptsächlichsten Ländern Europas, (Record no. 23924)

MARC details
000 -LEADER
fixed length control field 00862cam a22002411 4500
001 - CONTROL NUMBER
control field g 01002193
003 - CONTROL NUMBER IDENTIFIER
control field DLC
005 - DATE AND TIME OF LATEST TRANSACTION
control field 20260227111257.0
008 - FIXED-LENGTH DATA ELEMENTS--GENERAL INFORMATION
fixed length control field 920806s1879 gw a 000 0 ger
010 ## - LIBRARY OF CONGRESS CONTROL NUMBER
LC control number g 01002193
035 ## - SYSTEM CONTROL NUMBER
System control number (OCoLC)26338787
040 ## - CATALOGING SOURCE
Original cataloging agency DLC
Transcribing agency CSt
Modifying agency DLC
042 ## - AUTHENTICATION CODE
Authentication code premarc
050 00 - LIBRARY OF CONGRESS CALL NUMBER
Classification number HD9030.4
Item number .K8
100 1# - MAIN ENTRY--PERSONAL NAME
Personal name Kremp, J. H.
245 00 - TITLE STATEMENT
Title Über den einfluss des Ernteausfalls auf die Getreidepreise Während der Jahre 1846-1875 in den hauptsächlichsten Ländern Europas,
Statement of responsibility, etc. von J.H. Kremp ...
260 ## - PUBLICATION, DISTRIBUTION, ETC.
Place of publication, distribution, etc. Jena,
Name of publisher, distributor, etc. G. Fischer,
Date of publication, distribution, etc. 1879.
300 ## - PHYSICAL DESCRIPTION
Extent iv, [2], 162 p. incl. tables.
Other physical details fold. diagrs.
Dimensions 24 cm.
490 0# - SERIES STATEMENT
Series statement Sammlung nationalökonomischer und statistischer Abhandlungen ...
Volume/sequential designation 2. Bd., 2. Hft.
500 ## - GENERAL NOTE
General note Pub. also as the author's inauguarl dissertation, Jena, 1879.
650 #0 - SUBJECT ADDED ENTRY--TOPICAL TERM
Topical term or geographic name entry element Prices.
650 #0 - SUBJECT ADDED ENTRY--TOPICAL TERM
Topical term or geographic name entry element Grain trade.

No items available.

Powered by Koha